Public money in the private sector : (Record no. 20816)

000 -LEADER
fixed length control field 00615cam a2200193 a 4500
020 ## - INTERNATIONAL STANDARD BOOK NUMBER
ISBN 0889110360 (pbk.)
040 ## - CATALOGING SOURCE
Transcribing agency DLC
082 00 - DEWEY DECIMAL CLASSIFICATION NUMBER
Classification number 338 POS 2003 A042 Or.
100 1# - MAIN ENTRY--AUTHOR NAME
Personal name Tupper, Allan,
245 10 - TITLE STATEMENT
Title Public money in the private sector :
Remainder of title industrial assistance policy and Canadian federalism /
260 ## - PUBLICATION, DISTRIBUTION, ETC. (IMPRINT)
Place of publication [Kingston, Ont.] :
Name of publisher Institute of Intergovernmental Relations, Queen's University,
Year of publication c1982.
300 ## - PHYSICAL DESCRIPTION
Number of Pages x, 135 p. ;
Dimensions 23 cm.
500 ## - GENERAL NOTE
General note Includes index.
650 #0 - SUBJECT ADDED ENTRY--TOPICAL TERM
Topical Term Subsidies
650 #0 - SUBJECT ADDED ENTRY--TOPICAL TERM
Topical Term Industrial policy
650 #0 - SUBJECT ADDED ENTRY--TOPICAL TERM
Topical Term Industrial promotion
650 #0 - SUBJECT ADDED ENTRY--TOPICAL TERM
Topical Term Federal government
942 ## - ADDED ENTRY ELEMENTS (KOHA)
Koha item type ADB
952 ## - LOCATION AND ITEM INFORMATION (KOHA)
Withdrawn status [LOCAL, KOHA] 0
952 ## - LOCATION AND ITEM INFORMATION (KOHA)
Withdrawn status [LOCAL, KOHA] 0
952 ## - LOCATION AND ITEM INFORMATION (KOHA)
Withdrawn status [LOCAL, KOHA] 0
Holdings
Permanent Location Date acquired Koha item type Lost status Shelving location Barcode Current Location Full call number
Library Block A2022-12-05ADB A042a069563Library Block A338 POS 2003 A042 Or.
Library Block A2022-12-05ADB A042a069559Library Block A338 POS 2003 A042 Or.
Library Block A2022-12-05ADB A042a069783Library Block A338 POS 2003 A042 Or.
មជ្ឈមណ្ឌលឯការនៃសាកលវិទ្យាល័យភូមិន្ទកសិកម្មចំការដូង

Powered by Koha